[Event "WECU Championship"]
[Site "Exmouth"]
[Date "2005.03.28"]
[Round "7"]
[White "Neat, Roger J"]
[Black "Ponter, Ian P"]
[Result "1/2-1/2"]
[WhiteElo "1624"]
[BlackElo "2047"]
[PlyCount "86"]
[EventDate "2005.??.??"]

1. d4 f5 2. Nf3 Nf6 3. Bf4 e6 4. e3 Be7 5. h3 d6 6. Nbd2 O-O 7. Be2 Nbd7 8. c3
Ne4 9. Bc4 d5 10. Bd3 Ndf6 11. Qe2 c5 12. dxc5 Nxc5 13. O-O Nxd3 14. Qxd3 Ne4
15. Be5 Bf6 16. Qd4 Nxd2 17. Nxd2 Bxe5 18. Qxe5 Qf6 19. Nf3 Bd7 20. Rfd1 Bc6
21. Rd4 Rf7 22. Qf4 h6 23. h4 Re8 24. Qe5 Qe7 25. h5 g5 26. hxg6 Rg7 27. Nh4
Rf8 28. g3 Be8 29. Rad1 Rf6 30. Rb4 b6 31. a4 Bxg6 32. Nxg6 Rfxg6 33. Rdd4 Rg5
34. Rf4 Rf7 35. Qb8+ Kh7 36. Qe5 Qf6 37. Qxf6 Rxf6 38. Rfd4 Rf7 39. c4 dxc4 40.
Rbxc4 Kg6 41. Rd6 Rf6 42. Rcc6 Kf7 43. Kf1 Rg7 1/2-1/2

[Event "WECU Championship"]
[Site "Exmouth"]
[Date "2005.03.28"]
[Round "7"]
[White "Bonafont, PR..."]
[Black "Turner, Matthew J"]
[Result "1/2-1/2"]
[WhiteElo "2113"]
[BlackElo "2499"]
[PlyCount "57"]
[EventDate "2005.??.??"]

1. d4 Nf6 2. Nf3 e6 3. c4 b6 4. g3 Ba6 5. b3 Bb4+ 6. Bd2 Be7 7. Bg2 O-O 8. O-O
c6 9. Bc3 d5 10. Ne5 Nfd7 11. Nxd7 Nxd7 12. Nd2 Rc8 13. e4 c5 14. exd5 exd5 15.
Bxd5 Nf6 16. Bg2 cxd4 17. Bb2 b5 18. Rc1 Qa5 19. Bxd4 Rfd8 20. Bc3 b4 21. Bb2
Qg5 22. Rc2 Bc5 23. Qc1 Qg6 24. Nf3 Ng4 25. Ne5 Nxe5 26. Bxe5 h5 27. Rd2 h4 28.
Rxd8+ Rxd8 29. Qf4 1/2-1/2

[Event "WECU Championship"]
[Site "Exmouth"]
[Date "2005.03.28"]
[Round "7"]
[White "Bolt, G..."]
[Black "Abbott, MV..."]
[Result "1/2-1/2"]
[WhiteElo "2114"]
[BlackElo "1824"]
[PlyCount "86"]
[EventDate "2005.??.??"]

1. e4 c5 2. Nf3 Nc6 3. d4 cxd4 4. Nxd4 g6 5. c4 Nf6 6. Nc3 d6 7. Be2 Nxd4 8.
Qxd4 Bg7 9. Be3 O-O 10. Qd2 Be6 11. Rc1 a6 12. O-O Re8 13. f4 Rc8 14. b3 Qa5
15. Bf3 b5 16. f5 Bd7 17. fxg6 hxg6 18. cxb5 Bxb5 19. Nxb5 Qxd2 20. Bxd2 axb5
21. Rfe1 Nd7 22. Be2 Rxc1 23. Rxc1 Ra8 24. Rc2 Nc5 25. Bf3 Bd4+ 26. Kf1 Ra7 27.
Ke2 Be5 28. g3 Ne6 29. Kd3 Nc5+ 30. Ke3 Ne6 31. Bd1 Kg7 32. Bc1 Nd4 33. Rd2 Ne6
34. a4 bxa4 35. bxa4 Rb7 36. Ra2 Nc5 37. a5 Rb1 38. Kd2 Nxe4+ 39. Kc2 Rb8 40.
Bb2 Rc8+ 41. Kd3 Nf2+ 42. Ke2 Bxb2 43. Kxf2 Bd4+ 1/2-1/2

[Event "WECU Championship"]
[Site "Exmouth"]
[Date "2005.03.28"]
[Round "7"]
[White "Dilleigh, Stephen P"]
[Black "Taylor, Geoffrey P"]
[Result "0-1"]
[WhiteElo "2161"]
[BlackElo "2135"]
[PlyCount "78"]
[EventDate "2005.??.??"]

1. d4 d5 2. c4 e6 3. Nc3 Nf6 4. cxd5 exd5 5. Bg5 Be7 6. e3 O-O 7. Bd3 c6 8. Qc2
Nbd7 9. Nf3 Re8 10. O-O Nf8 11. Rae1 Be6 12. Ne5 Rc8 13. Rd1 Ng4 14. Bxe7 Qxe7
15. Nf3 Ng6 16. h3 Nh6 17. Rfe1 f5 18. Ne2 c5 19. dxc5 Rxc5 20. Qb1 Qf7 21. Ng5
Qf6 22. Nxe6 Rxe6 23. b4 Rc8 24. Qb3 Rd6 25. Bb1 Ne7 26. Rd4 Nf7 27. Red1 Kf8
28. Nf4 Qe5 29. a3 g6 30. Ba2 Ng5 31. Nd3 Qf6 32. f4 Ne4 33. Ne5 Rc3 34. Qb2
Rxe3 35. R4d3 Rxd3 36. Rxd3 Qh4 37. g3 Qxh3 38. Qc2 Nxg3 39. Qc5 Qh1+ 0-1

[Event "WECU Championship"]
[Site "Exmouth"]
[Date "2005.03.28"]
[Round "7"]
[White "Gosling, Brian GE"]
[Black "Wismayer, Clive R"]
[Result "1/2-1/2"]
[WhiteElo "2096"]
[BlackElo "2127"]
[PlyCount "57"]
[EventDate "2005.??.??"]

1. d4 d5 2. Nf3 c6 3. e3 Bf5 4. c4 e6 5. Nc3 Nd7 6. Bd3 Bxd3 7. Qxd3 Ngf6 8.
O-O Be7 9. Re1 O-O 10. e4 dxe4 11. Nxe4 Nxe4 12. Qxe4 Nf6 13. Qc2 Qc7 14. Bd2
a5 15. a4 Rfd8 16. Bc3 h6 17. Rad1 b5 18. axb5 cxb5 19. cxb5 Qc4 20. Qe2 Qxe2
21. Rxe2 Rdb8 22. d5 Nxd5 23. Rxd5 exd5 24. Rxe7 Rxb5 25. Nd4 Rbb8 26. Rd7 a4
27. g3 Rd8 28. Rc7 Rdc8 29. Rxc8+ 1/2-1/2